Quizzes
Events
Quiz Creation
Community
Videos
Private Events
Remove Ads
Sign In
Join for FREE
Feedback
Dark Mode
Quiz Categories
Sports
Geography
Music
Movies
Television
Just For Fun
Miscellaneous
History
Literature
Language
Science
Gaming
Entertainment
Religion
Holiday
For Kids
Quiz Lab
Recent
Popular Today
Quiz Kudos Today
Editor Picks
Curator Picks
Quizzes by...
Day
Popularity
Type
Ratings
Length
Year
Community
Subscriptions
Recent Discussions
Orange Saloon
Badges
Playlists
Quests
Create
Leaderboards
Showdown
Live 5
Trivia Bingo
Activity
Puzzle Library
Sporcle Events
Private Events
Virtual Trivia
Globe League
Become a Host
Pub Owners
SporcleCon
Opinionation
Our Games
Videos
Blog
Mobile Apps
Partnerships
Remove Ads and Go Orange
Feedback
Television
TV Characters
TV Show
Sitcom
Network
Friends
Reality Shows
Cast
South Park
Star Trek
The Simpsons
Doctor Who
Television
TV Characters
TV Show
Sitcom
Network
Friends
Reality Shows
Cast
South Park
Star Trek
The Simpsons
Doctor Who
Random Quiz
Search Sporcle
×
Quiz Lab
Quiz Lab
Television
Cast
Type in answers that appear in a list
Type in answers that appear in a list
Classic
Best Score? Go Orange.
The Challenge Cast Members Who've Done 3+ Challenges Stats
Can you name the cast members of The Challenge who have appeared on 3 or more seasons?
By
GVasco
10m
93 Questions
186 Plays
186 Plays
186 Plays
Comments
Comments
Give Quiz Kudos
Give Quiz Kudos
-
- Ratings
hide this ad
No Skip
Answers have to be entered in order without skipping
Answers have to be entered in order without skipping
Replay
Link that replays current quiz
Next Quiz
Link to next quiz in quiz playlist
You Got
0%
They Got
Avg Score
23%
Avg Friend Score
Upgrade to see
Score Distribution
Jump to the score distribution portion of the page
Score
0/93
Timer
10:00
0
Plays Today
Original Season
Answer
% Correct
?
???
98.4%
?
???
89.8%
?
???
76.9%
?
???
74.7%
?
???
69.9%
?
???
68.3%
?
???
65.6%
?
???
61.8%
?
???
39.2%
?
???
37.6%
?
???
37.6%
?
???
37.6%
?
???
37.6%
?
???
37.6%
?
???
37.6%
?
???
37.6%
?
???
35.5%
?
???
34.9%
?
???
33.9%
?
???
33.3%
?
???
33.3%
?
???
33.3%
?
???
32.3%
?
???
32.3%
?
???
31.7%
?
???
31.2%
?
???
30.6%
?
???
30.6%
?
???
30.1%
?
???
29.6%
?
???
29%
Original Season
Answer
% Correct
?
???
28.5%
?
???
28%
?
???
28%
?
???
27.4%
?
???
22%
?
???
21%
?
???
21%
?
???
21%
?
???
21%
?
???
21%
?
???
21%
?
???
19.9%
?
???
19.4%
?
???
19.4%
?
???
19.4%
?
???
19.4%
?
???
17.7%
?
???
17.7%
?
???
14.5%
?
???
14.5%
?
???
14.5%
?
???
14.5%
?
???
14.5%
?
???
14%
?
???
14%
?
???
14%
?
???
14%
?
???
14%
?
???
13.4%
?
???
9.7%
?
???
9.7%
Original Season
Answer
% Correct
?
???
9.7%
?
???
9.7%
?
???
9.7%
?
???
9.1%
?
???
9.1%
?
???
9.1%
?
???
8.6%
?
???
8.1%
?
???
8.1%
?
???
7.5%
?
???
7.5%
?
???
7%
?
???
7%
?
???
7%
?
???
7%
?
???
7%
?
???
6.5%
?
???
6.5%
?
???
6.5%
?
???
5.9%
?
???
4.8%
?
???
4.8%
?
???
4.8%
?
???
4.3%
?
???
4.3%
?
???
3.8%
?
???
3.2%
?
???
3.2%
?
???
2.2%
?
???
2.2%
?
???
0.5%
Quiz Playlist
Details
Report
Send in Message
Add To Playlist
Classic:
Type in answers that appear in a list
No Skip:
Answers have to be entered in order without skipping
Last Updated: Feb 16, 2017
Quiz Scoreboard
CHALLENGE
Sign Up to Join the Scoreboard
Show All
Scores
Hide
Comments
May contain spoilers
Recently Published
9x9 Crossword: Cartoon Network
by jackfrog10
Miscellaneous
3m
College Basketball Coaching Resumes
by pancakes188
Sports
9m
Billboard Blitz: Fleetwood Mac
by CooCooCachoo
Music
15s
More to Explore
Quiz From the Vault
Featured Blog Post
Where Did the Easter Bunny Come From?
hide this ad
You Might Also Like...
Tags
Cast Quiz
challenge
season
Today's Top Quizzes in Television
Browse Television
hide this ad
Today's Top Quizzes in Cast
Browse Cast
Top Contributed Quizzes in Television
1
5-to-1: The Simpsons Families
2
5-to-1: Television Doctors
3
7-to-1: TV Show Settings
4
Adjectives in 00s TV Shows
5
Adjectives in 80s TV Shows
6
5-to-1: Streaming Originals
7
Adjectives in 10s TV Shows
8
Survivor Seasons
9
One Piece Logic Puzzle
10
All US Survivor Seasons in Order
Explore More
Trending Topics
NBA
Crossword
Kpop
Harry Potter
Disney
Anime
Marvel
Country
Puzzle
Soccer
Pokémon
The Office
Song
NFL
WWE
hide this ad
More By:
GVasco
Quiz
Plays
Rating
Category
Featured
Created
Name all the Real Housewives
1,277
1.00
Entertainment
Apr 24, 2015
The Challenge Cast Members Who've Done 3+ Challenges
186
Television
Apr 3, 2015
Go to Creator's Profile
Score Distribution
Quiz Creator Spotlight
GVasco
Follow
Send a Message
Quizzes Created
-
Created Quiz Play Count
-
More By This Creator
Popular Quizzes Today
1
Find the US States - No Outlines Minefield
2
Find the Countries of Europe - No Outlines Minefield
3
The Countries of the World
4
Find the US States
5
Risky Map Clicking: Biggest States A-Z
6
US States
7
Popular People in 1961
8
Movies - When Are They Set?
More Television Quizzes
Clueless Letter Lines: Game of Thrones Players
Quiz Lab
Trending Quizzes
Risky Map Clicking: Least Populous States A-Z
1-10 Letter G Words
Risky Map Clicking: Next State Alphabetically
Adjectives in 80s TV Shows
Risky Map Clicking: Biggest States A-Z
Recently Updated
Leaping Animals
pecheneg
Reality TV Shows (A-Z)
bhenderson79
Rickey Henderson's Hall of Fame Teammates
pecheneg
Champions League XIs: Arsenal
pecheneg
Quick Pick: Celebrities in WWE's Hall of Fame
aduchscher
A-Z Keypad Blitz II
pecheneg
Multiple Oscar Actors
pecheneg
Mystery Phrase Blitz: Oscar 'Best Actors'
pecheneg
F. Scott Fitzgerald Novels
LTH
Pick 3 Villains
ddd62291
Trending Topics
Kpop
NBA
Anime
Harry Potter
Crossword
Disney
Marvel
Soccer
Song
Pokémon
WWE
Puzzle
Country
NFL
The Office
Your Account Isn't Verified!
In order to create a playlist on Sporcle, you need to verify the email address you used during registration. Go to your
Sporcle Settings
to finish the process.
Report this User
Report this user for behavior that violates our
Community Guidelines
.
Details:
Send Report
Go to the Sporcle.com Mobile Site →
Comments